000 00600nam a2200217 i 4500
001 C2-0295382
003 PPAK
005 20180728030955.0
008 090326s xx a|||| ||||| | eng d
020 _a3625107562
040 _aPPAK
_beng
_cPPAK
_erda
082 0 4 _a712.6
_223
090 0 0 _a712.6
_bMAK
_dR
245 0 0 _aMaking the most of small gardens :
_bgreen oases in small spaces
300 _a160 pages :
_bcolour illustrations ;
_c29 cm
336 _2rdacontent
_atext
337 _2rdamedia
_aunmediated
338 _2rdacarrier
_avolume
650 1 0 _aGardens - Design.
942 _ddc
_cB
999 _c99934
_d99934